Central Library OPAC University of Rajshahi

L'essor des sciences sociales au Canada français / (Record no. 28282)

MARC details
000 -LEADER
fixed length control field 00805cam a22002537a 4500
001 - CONTROL NUMBER
control field 28282
003 - CONTROL NUMBER IDENTIFIER
rucl marc code BD-RjUL
005 - DATE AND TIME OF LATEST TRANSACTION
control field 20211209051248.0
008 - FIXED-LENGTH DATA ELEMENTS--GENERAL INFORMATION
fixed length control field 140330s1964 qucc 001 0 fre
035 ## - SYSTEM CONTROL NUMBER
System control number (BD-RjUL)28363
040 ## - CATALOGING SOURCE
Original cataloging agency DLC
Transcribing agency DLC
Modifying agency DLC
-- BD-RjUL
Language of cataloging eng
041 ## - LANGUAGE CODE
Language code of text/sound track or separate title eng
082 ## - DEWEY DECIMAL CLASSIFICATION NUMBER
Classification number 971
Author mark and year FAL 1964
100 1# - MAIN ENTRY--PERSONAL NAME
Personal name Falardeau, Jean-Charles,
Dates associated with a name 1914-1989.
9 (RLIN) 86607
245 12 - TITLE STATEMENT
Title L'essor des sciences sociales au Canada français /
Statement of responsibility, etc. par Jean-Charles Falardeau.
260 ## - PUBLICATION, DISTRIBUTION, ETC. (IMPRINT)
Place of publication, distribution, etc. Québec :
Name of publisher, distributor, etc. Ministère des affaires culturelles,
Date of publication, distribution, etc. 1964.
300 ## - PHYSICAL DESCRIPTION
Pagination 67 p. :
Illustrations ill. ;
Size 23 cm.
490 0# - SERIES STATEMENT
Series statement Collection art, vie et sciences au Canada français
Volume/sequential designation 6
504 ## - BIBLIOGRAPHY, ETC. NOTE
Bibliography, etc Includes index.
653 0# - INDEX TERM--UNCONTROLLED
Uncontrolled term Social sciences;
-- French Canada
942 ## - ADDED ENTRY ELEMENTS (KOHA)
Source of classification or shelving scheme Dewey Decimal Classification
Koha item type Books
Holdings
Lost status Source of classification or shelving scheme Damaged status Not for loan Collection code Permanent Location Current Location Shelving location Date acquired Source of acquisition Total Checkouts Full call number Date last seen Copy number Koha item type
  Dewey Decimal Classification   Added to bundle Non-fiction Central Library, University of Rajshahi Central Library, University of Rajshahi Reading Room 16/07/1968 Office of high commission, Canada   971 FAL 1964 30/03/2014 C-1 Books